| 000 | 00759nam a2200205Ia 4500 | ||
|---|---|---|---|
| 003 | GCL | ||
| 005 | 20240530110317.0 | ||
| 008 | 140319s9999 xx 000 0 ara d | ||
| 040 |
_aGCL / _cGCL |
||
| 082 | 0 | 4 |
_a031 _bم/م م _221 |
| 100 | 1 | _aمنير بعلبكى | |
| 245 | 1 | 0 |
_aموسوعة المورد العربية : _bدائرة معارف ميسرة مقتبسة عن موسوعة المورد / _cتاليف منير بعلبكى ؛ اعداد رمزى بعلبكى |
| 250 | _aط1 | ||
| 260 |
_aبيروت : _bدار العلم للملايين ، _c1990 |
||
| 300 |
_a2 جزء × 1 مج ؛ _c32 سم |
||
| 650 | 0 | 4 | _aالموسوعات |
| 650 | 0 | 4 | _aالموسوعات العربية |
| 700 | 1 |
_aرمزى بعلبكى _eمعد |
|
| 942 |
_2ddc _cREF |
||
| 999 |
_c59672 _d59672 |
||